01271nab a22002417a 4500003000400000005001700004008004100021040000700062100002400069245013800093260007300231300001500304500007100319505016900390505013700559505008900696650002900785650002300814650001400837650003400851650001200885773013200897OSt20251226213226.0190603e xxum|||| |||| 00| 0 spa d cPJ aVitantonio, Marina 10aAlgunas consideraciones referidas a alimentos para hijos jóvenes/adultos cuando el alimentante es vulnerable /cMarina Vitantonio.  cCiudad Autónoma de Buenos Aires :aThomson Reuters La Ley, b2025. ap. 174-178 aCita: TR LALEY AR/DOC/1060/2025 Publicado en: RCCyC 2025 (junio). aSumario: I. El fallo.— II. Ley aplicable al momento de fallar.— III. Alimentos a hijos entre 21 y 25 años.— IV. Alimentante vulnerable.— V. Conclusión.  aFallo comentado: STJ Corrientes ~ 12/03/2025 ~ B. R. A. c. R. A. M. s/ filiación s/ incidente de reducción de cuota alimentaria. t¿Te interesa el texto completo? Solicitalo al correo: koha@justierradelfuego.gov.ar 0aCODIGO CIVIL Y COMERCIAL 0aDERECHO DE FAMILIA 0aALIMENTOS 0aSITUACIÓN DE VULNERABILIDAD 0aANCIANO0 02713dCiudad Autónoma de Buenos Aires : Thomson Reuters La Ley, 2015-tRevista Código Civil y Comercial. Nº 3 - Junio 2025